| 000 | 00624nam a2200181Ia 4500 | ||
|---|---|---|---|
| 003 | IN-BaIIA | ||
| 008 | 211028s9999 xx 000 0 eng d | ||
| 040 | _cIIA Library | ||
| 080 |
_a083:51 _bCHA |
||
| 100 |
_aPryde, James _92504 |
||
| 245 | 0 |
_aChambers's seven-figure mathematical tables _bconsisting of logarithms of numbers 1 to 100000 trigonometrical, nautical & other tables _cPryde, James |
|
| 260 |
_aBombay _bAllied Publishers _c1958 |
||
| 300 | _axxv, 312p. | ||
| 650 |
_aMathematical tables _92448 |
||
| 650 | _aNASA thesaurus | ||
| 650 |
_aTables(Data) _910210 |
||
| 942 | _cBK | ||
| 999 |
_c5888 _d5888 |
||